[Event "WALTON BAN-chT 2019"]
[Site "Bangladesh"]
[Date "2019.12.15"]
[Round "6.8"]
[White "Hossain, Enamul"]
[Black "Rahman, Matiur"]
[Result "1-0"]
[WhiteElo "2419"]
[BlackElo "1984"]
[Annotator "TA"]
[PlyCount "74"]
[EventDate "2019.12.07"]
[EventType "team-tourn"]
[EventCountry "BAN"]
[SourceTitle "playchess.com"]
[Source "ChessBase"]
[SourceQuality "1"]

{[%evp 13,74,19,25,22,35,29,29,0,32,0,0,0,0,0,18,0,0,0,0,-104,-104,-98,-106,-87,0,0,0,-89,-86,-73,51,25,28,14,19,10,7,0,0,0,0,-56,214,214,214,214,214,213,306,306,793,793,1189,498,1163,1178,786,1122,1096,779,29986,1096,29984]} 1. e4 e5 2. Nf3 Nc6 3. Bc4 Bc5 4. O-O Nf6 5. d3 O-O 6. c3 d6 7. a4 a6 8. h3 {C54: Giuoco Piano: 4 c3 Nf6, main lines with 5 d4 and 5 d3} (8. b4 {feels hotter.} Ba7 9. Bb3 Ne7 10. a5 h6 11. Be3) (8. Re1 h6 9. h3 a5 10. Nbd2 Be6 11. b3 d5 12. exd5 Nxd5 13. Ne4 Bb6 14. Ra2 f5 15. Ng3 Qf6 16. Nxe5 Nxe5 {½-½ (40) Ding,L (2813)-Anand,V (2773) Wijk aan Zee 2019}) 8... Be6 9. Bxe6 fxe6 10. Re1 {White has an edge.} Bb6 $146 ({Predecessor:} 10... Ba7 11. Be3 Bxe3 12. Rxe3 Qd7 13. Nbd2 h6 14. a5 Qf7 15. b4 Nh5 {1-0 (65) Nedev,T (2485)-Georgiev,K (2596) Skopje 2018}) 11. Na3 d5 12. Be3 Bxe3 13. Rxe3 Rb8 14. Qb3 Kh8 15. Nc2 d4 16. Ree1 {[#]} (16. Re2 $11 {remains equal.}) 16... Nh5 $1 $17 17. Qxe6 Nf4 18. Qg4 dxc3 (18... Rf6 $17 {White must now prevent ...Rg6.} 19. Kh1 Nxd3) 19. bxc3 $11 Rf6 (19... Nxd3 $2 20. Red1 $18) 20. Nh4 (20. Ne3 $11) 20... Qxd3 $17 ({But not} 20... Nxd3 $6 21. Rad1 $15) 21. Ne3 Ne7 ({Black should play} 21... Qxc3 $17 22. Rac1 Qb2) 22. Rad1 Qxc3 23. Qd7 $40 {[%mdl 128] White attacks.} Neg6 24. Nxg6+ hxg6 25. g3 Rd6 26. Qg4 (26. Qe7 $11 Nd3 27. Re2) 26... Nd3 $15 27. Re2 {Strongly threatening Rc2.} Nb4 $2 {[%mdl 8192]} (27... c6 $1 $15 {keeps the upper hand.}) 28. Rxd6 $18 cxd6 29. Qxg6 Qc7 30. Rd2 Rd8 (30... Rf8 {keeps fighting.} 31. Rxd6 Qf7 32. Qxf7 Rxf7) 31. Nf5 d5 $2 (31... Nc6 32. Rd5 Rf8 33. Rxd6 Nd4 34. Nxd4 Qc3 35. Qh5+ (35. Nf5 Qe1+ 36. Kg2 Qxe4+ 37. Kf1 Qxf5 $16) 35... Kg8) 32. exd5 Rxd5 33. Qe8+ Kh7 {[#]} 34. Ne7 $1 {[%mdl 512]} Qxe7 35. Qxe7 {Hoping for Rxd5.} Rxd2 36. Qxb4 Kh8 37. Qg4 (37. Qxd2 $142 Kh7 38. a5 Kg6 {[#]} 39. Qd5 $1 {[%mdl 512]} Kh6 40. Qxb7 Kg6 41. Qxa6+ Kf7 42. Qc4+ Ke7 43. a6) 37... Rd5 {Accuracy: White = 69%, Black = 45%.} 1-0

[Event "WALTON BAN-chT 2019"]
[Site "Bangladesh"]
[Date "2019.12.15"]
[Round "6.9"]
[White "Mohammad Minhaz Uddin"]
[Black "Nepal, Prakash Chandra"]
[Result "1-0"]
[WhiteElo "2324"]
[BlackElo "1974"]
[Annotator "TA"]
[PlyCount "71"]
[EventDate "2019.12.07"]
[EventType "team-tourn"]
[EventCountry "BAN"]
[SourceTitle "playchess.com"]
[Source "ChessBase"]
[SourceQuality "1"]

{[%evp 10,71,6,0,20,15,22,0,0,0,0,-12,-12,-29,-16,-35,-12,-15,-17,-21,27,-19,0,0,0,-2,0,-10,26,-23,57,0,0,0,0,0,0,-30,-12,-21,-23,-16,0,0,0,0,0,0,0,-14,269,263,444,441,508,493,597,591,576,531,539,491,504,462]} 1. e4 c5 2. Nf3 e6 3. d4 cxd4 4. Nxd4 Nc6 5. Nxc6 bxc6 6. Bd3 e5 {B44: Sicilian: Taimanov: 5 Nb5} (6... Nf6 7. O-O d5 8. Nd2 Be7 9. c4 O-O 10. Re1 e5 11. cxd5 cxd5 12. exd5 Qxd5 13. Qf3 Bb7 14. Qxd5 Bxd5 15. Nc4 e4 16. Be2 Be6 17. Ne3 Rfd8 {½-½ (62) Fontaine,R (2565)-Harikrishna,P (2731) Switzerland 2018}) 7. O-O Nf6 8. b3 Bc5 {The position is equal.} 9. Bb2 d6 10. h3 O-O 11. Nd2 a5 $146 ({Predecessor:} 11... g6 12. Be2 Qe7 13. c4 Bd4 14. Qc2 Bb7 15. Bxd4 exd4 {½-½ (41) Li,Z (1975)-Hong,X (2129) Zhongshan 2015}) 12. a4 Qc7 13. Kh1 Nd7 14. Qe2 Qa7 15. f4 Bd4 16. Bxd4 Qxd4 17. f5 f6 18. Rad1 d5 19. c4 Bb7 (19... Nc5 $1 $11 20. Nf3 Qc3 21. cxd5 cxd5 22. exd5 e4) 20. Nf3 ({Better is} 20. cxd5 $1 $14 Nc5 21. dxc6 Bxc6 22. Bb1) 20... Qc5 $11 21. cxd5 cxd5 22. Rc1 {[%cal Bd1c1,Bc1c4,Bc4e4][%mdl 32]} Qb4 23. Bb5 (23. Rc7 $5 {[%cal Rc7d7]} Nc5 24. Rc1 $11) 23... Nc5 ({Reject} 23... Qxe4 $6 24. Qf2 $14) 24. exd5 Bxd5 25. Bc4 Rfd8 26. Rfd1 $36 {[%mdl 2048] White fights for an advantage.} Bxc4 27. Rxc4 Qb6 28. Rxd8+ Rxd8 29. Qf2 Nxa4 $2 {[%mdl 8192] [#]} (29... Rd5 $11 {and Black has nothing to worry.}) 30. Qa2 $18 ({But not} 30. Qc2 e4 $18) 30... e4 $2 (30... Nb2 {was called for.}) 31. bxa4 {White is clearly winning.} Kh8 32. Rxe4 Rd1+ 33. Ne1 {[%cal Re4e8] [#]} Rd8 34. Qe2 {White threatens Re8+ and mate.} Qc6 35. Nf3 h6 36. Qe1 {Accuracy: White = 62%, Black = 36%.} 1-0

[Event "WALTON BAN-chT 2019"]
[Site "Bangladesh"]
[Date "2019.12.15"]
[Round "6.11"]
[White "Abu Sufian, Shakil"]
[Black "Sonkalan Bharati"]
[Result "1/2-1/2"]
[WhiteElo "2256"]
[BlackElo "2133"]
[Annotator "TA"]
[PlyCount "72"]
[EventDate "2019.12.07"]
[EventType "team-tourn"]
[EventCountry "BAN"]
[SourceTitle "playchess.com"]
[Source "ChessBase"]
[SourceQuality "1"]

{[%evp 19,72,18,35,27,74,73,70,-18,-34,-61,-61,-85,-67,-67,-67,-76,-83,-83,-83,-80,-64,-74,-63,-104,-70,-73,-74,-71,-77,-87,0,0,0,0,0,0,0,-9,0,-9,0,-25,-19,-34,0,0,0,-12,0,0,0,0,0,-921,318]} 1. e4 c5 2. Nf3 d6 3. d4 cxd4 4. Nxd4 Nf6 5. Nc3 g6 6. Be3 Bg7 7. f3 O-O 8. Qd2 Nc6 9. g4 Be6 10. Nxe6 fxe6 11. O-O-O {B76: Sicilian Dragon: Yugoslav Attack, 9 g4 and 9 0-0-0} Rc8 (11... Ne5 12. Be2 Qc8 13. h4 Nfd7 14. h5 Nc4 15. Bxc4 Qxc4 16. hxg6 hxg6 17. f4 Bxc3 18. bxc3 Nf6 19. Bd4 e5 20. fxe5 dxe5 {1-0 (41) Cornette,M (2611)-Jones,G (2640) chess.com INT 2018}) 12. h4 Qa5 {...Nb4 is the strong threat.} 13. Kb1 ({White should try} 13. Bc4 $14 Nd8 14. Nb1) 13... Nd7 $11 14. Be2 Nb6 15. Bh6 $146 ({Predecessor:} 15. Nb5 Nb4 16. a3 Rxc2 17. axb4 Rxd2 18. Bxd2 Qa4 {0-1 (27) Kouwenhoven,D (2077)-Dijkhuis,O (1944) Assen 2017}) 15... Bxh6 16. Qxh6 Nb4 {( -> ...Rxc3)} 17. Qe3 Na4 18. Nxa4 Qxa4 {[%mdl 64] [#] Double Attack} 19. Qb3 Qxb3 20. cxb3 e5 21. g5 h5 22. gxh6 Kh7 23. Rdg1 Kxh6 24. Rg5 Rc2 ({Better is} 24... Rf6 $17) 25. Re1 Rd2 26. Kc1 Rc2+ 27. Kb1 Rd2 28. Kc1 Rc2+ 29. Kb1 $132 {[%mdl 2048] White has counterplay} Rd2 30. Kc1 Rd4 31. Kb1 Rd2 32. Kc1 Rc2+ 33. Kb1 Rd2 34. Kc1 Rc2+ 35. Kb1 Rd2 36. h5 $2 {[%mdl 8192]} (36. Kc1 $11 Rd4 37. Reg1) 36... Rc2 $4 {[%mdl 40960] Accuracy: White = 66%, Black = 67%. . An unexpected result.} (36... Kxg5 $19 37. Kc1 Rc2+ 38. Kb1 {[#]} Rxe2 $1 {[%mdl 512]} 39. Rxe2 Rxf3 40. Rg2+ Kf4) 1/2-1/2

[Event "WALTON BAN-chT 2019"]
[Site "Bangladesh"]
[Date "2019.12.15"]
[Round "6.12"]
[White "Hasan, Sk. Rashedul"]
[Black "Subrota, Biswas"]
[Result "0-1"]
[WhiteElo "1962"]
[BlackElo "2134"]
[Annotator "TA"]
[PlyCount "84"]
[EventDate "2019.12.07"]
[EventType "team-tourn"]
[EventCountry "BAN"]
[SourceTitle "playchess.com"]
[Source "ChessBase"]
[SourceQuality "1"]

{[%evp 24,84,11,11,11,11,21,22,48,18,23,0,6,-13,7,15,17,-25,32,-22,-20,-20,-19,-30,0,-64,-30,-63,0,-43,-45,-325,-329,-420,-402,-410,-406,-407,-433,-410,-400,-595,-607,-797,-769,-2172,-1940,-29989,-29990,-29990,-29991,-29991,-29992,-29992,-29993,-29993,-29979,-29973,-6835,-29997,-29998,-29998,-29999]} 1. e4 e5 2. Nf3 Nc6 3. Bb5 a6 4. Ba4 Nf6 5. O-O Be7 6. Re1 b5 7. Bb3 d6 8. c3 O-O 9. h3 Nb8 10. d4 Nbd7 11. a4 Bb7 12. Nbd2 c5 13. d5 c4 {C95: Closed Ruy Lopez: Breyer Variation with 10 d4} 14. Bc2 Nc5 15. Nf1 Nfd7 {The position is equal.} 16. Ng3 (16. Be3 Qc7 17. N3d2 Nb6 18. a5 Nbd7 19. Ng3 g6 20. Rf1 Bc8 21. Qe2 {1-0 (63) Alekseenko,K (2637)-Mons,L (2544) chess.com INT 2019}) 16... g6 17. Nh2 Nb6 $146 ({Predecessor:} 17... Bg5 18. Rf1 bxa4 19. Bxa4 Nxa4 20. Bxg5 Qxg5 21. Qxa4 Nc5 22. Qxc4 a5 23. b4 axb4 24. cxb4 Ba6 25. b5 {½-½ (25) Endresz,P (2047)-Bunda,V (2283) Kosice 2018}) 18. Bh6 Re8 19. axb5 axb5 20. Qf3 Bf8 (20... Rxa1 $11 21. Rxa1 Bf8) 21. Ng4 (21. Be3 $14) 21... Bxh6 22. Nxh6+ Kg7 23. Rxa8 ({Of course not} 23. Nxf7 Qe7 $17) 23... Nxa8 24. Qe3 ({But not} 24. Nxf7 Qe7 $17) ({White should play} 24. Nhf5+ $11 gxf5 25. Nxf5+ Kf8 26. Re3) 24... Nb6 25. Ra1 Nba4 ({Black should try} 25... Bc8 $1 $15) 26. Ra2 (26. Nhf5+ $5 gxf5 27. Nxf5+ Kh8 28. Bxa4 bxa4 29. Qh6 $1 $11 {[%mdl 512]}) 26... Bc8 27. Bd1 $2 {[%mdl 8192]} ({Better is} 27. Ng4 $15 Bxg4 28. hxg4) 27... Qh4 $19 28. Ng4 {[#]} f5 $1 29. exf5 gxf5 30. Nh2 f4 {[%mdl 64] Double Attack} 31. Nh5+ Kh8 32. Qf3 (32. g3 {is a better defense.} Rg8 33. Nxf4 Qxf4 34. Ng4) 32... Rg8 33. Kf1 Nd3 {Threatens to win with ...e4.} 34. Bxa4 e4 35. Qe2 Bxh3 36. Nxf4 Nxf4 37. Qe3 Rxg2 38. Ke1 Nd3+ 39. Kd1 Nxf2+ 40. Kc1 Nd3+ 41. Kd1 Bg4+ 42. Nxg4 Qxg4+ {Accuracy: White = 18%, Black = 65%.} 0-1

[Event "WALTON BAN-chT 2019"]
[Site "Bangladesh"]
[Date "2019.12.15"]
[Round "7.1"]
[White "Haque, Rezaul"]
[Black "Jobava, Baadur"]
[Result "0-1"]
[WhiteElo "2023"]
[BlackElo "2604"]
[Annotator "TA"]
[PlyCount "78"]
[EventDate "2019.12.07"]
[EventType "team-tourn"]
[EventCountry "BAN"]
[SourceTitle "playchess.com"]
[Source "ChessBase"]
[SourceQuality "1"]

{[%evp 9,78,8,8,6,0,0,0,-19,-15,-16,-27,-56,-60,-54,-60,-56,-48,-51,-42,-66,-30,-48,0,-91,-90,-111,-91,-80,-20,-26,-22,-39,-27,-34,0,0,0,0,0,-7,8,7,12,9,11,0,0,0,0,-29,-40,-35,-39,-145,-150,-133,-122,-250,-247,-240,-227,-226,-225,-12843,-12843,-12844,-12844,-12845,-12845,-12847,-12847]} 1. Nf3 d5 2. d3 Nc6 3. c3 (3. Bf4 e6 4. e3 Bd6 5. d4 Bxf4 6. exf4 Qd6 7. Qd2 Nf6 8. c3 Ne4 9. Qe3 Ne7 10. Bd3 Nf5 {1-0 (54) Grischuk,A (2759)-Anand,V (2756) Amsterdam 2019}) 3... e5 4. b4 e4 5. dxe4 dxe4 6. Qxd8+ {A06: Réti Opening:1 Nf3 d5} Nxd8 7. Nd4 Ne6 8. Be3 $146 {The position is equal.} ({Predecessor:} 8. Nxe6 Bxe6 9. Bf4 a5 10. b5 Bd6 11. Bxd6 cxd6 {½-½ (37) Onkoud,A (2317)-Sulypa,O (2487) Rosny sous Bois 2002}) 8... Nf6 9. Nd2 a5 10. bxa5 Rxa5 11. g3 Nd5 12. Nxe4 Nxe3 13. fxe3 Nc5 14. Bg2 h5 {[%mdl 1024] Black has compensation.} 15. O-O Nd7 16. Nf3 (16. a4 $11) 16... g6 $17 17. Nfg5 f5 18. Nd2 Ne5 (18... Bc5 $17 19. Kh1 Ra4) 19. Nb3 $11 Ra3 20. e4 h4 21. exf5 hxg3 {[#] Strongly threatening ...Rxb3!} 22. fxg6 $1 Bh6 23. Bd5 Ra6 ({Don't blunder} 23... Bxg5 $2 24. g7 $18) 24. Bf7+ Nxf7 25. gxf7+ Kf8 26. h4 {aiming for Rad1.} g2 27. Rf2 Bxg5 28. hxg5 Be6 $36 {[%mdl 2048] White must now prevent ...Bxb3. Black has good play.} 29. Nc5 {And now g6 would win.} (29. c4 $5) 29... Rh1+ 30. Kxg2 Rxa1 31. Nxa6 $15 {[%mdl 4096] Endgame [#] KRB-KRN} (31. e4 $15 Rd6 32. g6 Bxf7 33. Rxf7+ Ke8 34. Rxc7) 31... Bd5+ $1 $17 ({Stronger than} 31... bxa6 32. Rf6 $11) 32. Kh3 bxa6 {KRB-KR} 33. g6 (33. Rf6 $17) 33... Rg1 $19 34. Rf6 Be4 ({And not} 34... Bxa2 35. e4 $14) 35. Rxa6 Rxg6 36. Rxg6 $2 (36. Ra4 Bd5 37. Rd4 Bxf7 38. a4) 36... Bxg6 {Black is clearly winning.} 37. Kg4 Kxf7 38. Kf4 Ke6 39. e4 Be8 {Accuracy: White = 31%, Black = 74%.} 0-1

[Event "WALTON BAN-chT 2019"]
[Site "Bangladesh"]
[Date "2019.12.15"]
[Round "7.2"]
[White "Murshed, Niaz"]
[Black "Dutta, Joydeep"]
[Result "1/2-1/2"]
[WhiteElo "2413"]
[BlackElo "2060"]
[Annotator "TA"]
[PlyCount "60"]
[EventDate "2019.12.07"]
[EventType "team-tourn"]
[EventCountry "BAN"]
[SourceTitle "playchess.com"]
[Source "ChessBase"]
[SourceQuality "1"]

{[%evp 23,60,62,43,41,54,0,54,0,0,0,0,0,0,0,0,0,23,4,47,64,102,0,26,0,0,-43,-17,-33,-26,-20,-11,-33,0,0,0,1,0,-10,0]} 1. d4 d5 2. c4 e6 3. Nc3 Bb4 4. Nf3 Nf6 5. cxd5 exd5 6. Bg5 Nbd7 7. e3 c5 8. Qc2 Qa5 9. Bd3 c4 10. Bf5 g6 11. Bxd7+ Nxd7 12. O-O O-O 13. e4 {D38: Queen's Gambit Declined: Ragozin Defence (4 Nf3 Bb4)} Nb6 14. Nd2 {[#]} (14. e5 $14) 14... Bd7 $146 (14... Bxc3 $11 15. Qxc3 Qxc3 16. bxc3 f6) ({Predecessor:} 14... Re8 15. Nxd5 Nxd5 16. Nxc4 Qb5 17. exd5 Qxd5 18. Bf6 Bf5 19. Qb3 a5 20. Ne3 Qxb3 21. axb3 {½-½ (69) Parligras,M (2586)-Szabo,G (2563) Mamaia 2015}) 15. Rfe1 ({White should try} 15. Nb3 $14 Ba4 16. e5) 15... Rfe8 $11 16. h4 Rac8 17. Re2 Bf8 18. Rae1 Bg7 19. e5 Bf5 20. Qc1 Nd7 21. Nf1 Bd3 {[#]} 22. Re3 ({White has to play} 22. e6 $1 $16 {[%cal Re6d7]} Rxe6 23. Rxe6 fxe6 24. Rxe6) 22... Nf8 23. Rg3 Ne6 $36 {[%mdl 2048] Black has some pressure.} 24. Be3 Rcd8 25. Nh2 b5 26. a3 Qb6 {[#]} 27. h5 $1 {[%mdl 512]} a5 ({Resist} 27... Nxd4 28. hxg6 hxg6 29. Bxd4 $17) (27... gxh5 28. Bh6) 28. Ng4 {The position is equal.} b4 29. axb4 axb4 30. Ne2 Bxe2 {Accuracy: White = 58%, Black = 47%.} 1/2-1/2

[Event "WALTON BAN-chT 2019"]
[Site "Bangladesh"]
[Date "2019.12.15"]
[Round "7.3"]
[White "Chatterjee, Debaraj"]
[Black "Mchedlishvili, Mikheil"]
[Result "0-1"]
[WhiteElo "2216"]
[BlackElo "2567"]
[Annotator "TA"]
[PlyCount "104"]
[EventDate "2019.12.07"]
[EventType "team-tourn"]
[EventCountry "BAN"]
[SourceTitle "playchess.com"]
[Source "ChessBase"]
[SourceQuality "1"]

{[%evp 29,104,6,8,0,0,0,2,-5,-8,0,15,16,36,33,27,27,32,25,39,0,0,-59,17,-6,0,-38,-31,-49,-43,-71,-27,-29,0,0,0,-7,0,0,0,0,7,-60,-26,-165,-172,-170,0,0,0,-118,-113,-325,-333,-529,-501,-564,-506,-564,-560,-558,-299,-283,-270,-353,-362,-1852,-1836,-1998,-1782,-2394,-2440,-2204,-2125,-1939,-1641,-29990,-29991]} 1. d4 Nf6 2. c4 e6 3. g3 c5 4. d5 exd5 5. cxd5 d6 6. Nc3 g6 7. Nf3 Bg7 8. Bg2 O-O 9. O-O Re8 ({Predecessor:} 9... a6 10. a4 Nbd7 11. Nd2 Re8 {1-0 (74) Helbich,J (2542)-Lybin,D (2556) ICCF email 2009}) 10. Nd2 Nbd7 11. h3 a6 12. a4 Rb8 13. Nc4 Ne5 14. Na3 Nh5 15. e4 Bd7 {[#]} 16. a5 $146 {A64: Modern Benoni: Fianchetto Variation: 9...Nbd7 10 Nd2 a6 11 a4 Re8} (16. g4 Nf6 17. g5 Nh5 18. f4 b5 19. fxe5 b4 20. Nc4 bxc3 21. bxc3 Bxe5 22. Qf3 f5 23. gxf6 Qxf6 24. Nxe5 Qxe5 {0-1 (60) So,W (2812)-Nakamura,H (2785) Stavanger 2017}) 16... Qxa5 17. g4 Nf6 18. f4 {[#]The position is equal.} Nexg4 $1 {[%mdl 512]} 19. hxg4 Nxg4 20. f5 $1 ({Reject} 20. Nc2 Qd8 $15) 20... Bd4+ 21. Kh1 Nf2+ 22. Rxf2 $1 Bxf2 23. Bg5 Qc7 (23... gxf5 $2 24. Nc2 $18) 24. Qf3 Bd4 25. Rf1 ({But not} 25. fxg6 fxg6 26. Bf4 (26. Rf1 $2 Rf8 $19) 26... Qd8 $17) (25. Nc2 $11) 25... Rf8 (25... f6 $1 $15 26. Bf4 (26. fxg6 hxg6 27. Be3 Re7 $17) 26... g5) 26. Bh6 b5 {[%cal Bb7b5,Bb5b4][%mdl 32]} 27. Bxf8 (27. Nc2 {with more complications.} Be5 28. Ne3 Bd4 29. Ng4 b4 30. Qh3) 27... Rxf8 28. Nc2 Be5 {[%mdl 1024] Black has compensation.} 29. Ne3 b4 30. Ncd1 $1 Bd4 (30... Bb5 $5 {[%cal Rb5f1]} 31. Rf2 c4 $11) 31. Qf4 Bb5 32. Rf3 {[%cal Bf1f3,Bf3h3,Bh3h6][%mdl 32] Hoping for f6.} Be2 33. Rh3 {Qh6 is the strong threat.} Qe7 34. Qh6 {[%csl Gh3][%cal Rh6h7]} Bh5 $1 35. Ng4 (35. Nc4 $1 $11) 35... f6 $1 $36 {[%mdl 2048] Black is more active.} 36. Qf4 (36. Nde3 $1 $11) 36... g5 $19 37. Qf3 Be8 $2 (37... Bxg4 $1 $19 38. Qxg4 Qe5) 38. Rh6 $1 $11 a5 39. Nde3 {[#]} (39. Qd3 $11) 39... a4 $1 $17 40. Nc4 $2 (40. Qe2 $17 {was worth a try.}) 40... Bb5 $19 41. Na5 (41. Bf1 $142 Bxc4 42. Bxc4) 41... Bxb2 42. Nc6 Qg7 43. e5 {[%cal Rg4f6]} a3 {Strongly threatening ...a2.} 44. Qb3 {[%cal Rg4f6]} Bxe5 45. Ncxe5 fxe5 46. f6 Qa7 {And now ...a2 would win.} 47. Qe3 $2 (47. Be4 Rf7 48. Rh2) 47... a2 48. Qxg5+ Kh8 49. Be4 a1=Q+ 50. Kh2 Qb2+ 51. Kg3 Qc3+ 52. Kh4 Qe1+ {[%mdl 64] Double Attack. Accuracy: White = 30%, Black = 59%.} 0-1

[Event "WALTON BAN-chT 2019"]
[Site "Bangladesh"]
[Date "2019.12.15"]
[Round "7.4"]
[White "Mohammad Fahad, Rahman"]
[Black "Jabed Al Azad"]
[Result "1-0"]
[WhiteElo "2294"]
[BlackElo "2036"]
[Annotator "TA"]
[PlyCount "117"]
[EventDate "2019.12.07"]
[EventType "team-tourn"]
[EventCountry "BAN"]
[SourceTitle "playchess.com"]
[Source "ChessBase"]
[SourceQuality "1"]

{[%evp 9,117,39,58,40,60,22,49,16,32,0,0,4,2,0,23,27,33,26,26,26,26,26,26,25,23,0,133,136,121,149,138,152,153,98,95,110,93,27,20,24,28,18,20,-12,22,24,22,15,99,99,111,8,8,0,0,0,4,0,0,0,5,0,0,0,8,8,8,8,8,8,77,109,29965,29967,29966,29968,29967,29968,29967,584,29969,29967,29965,29967,29976,29977,29976,29978,29978,29979,29979,29980,29980,29981,29982,29983,29983,29984,29984,29985,29985,29986,29989,29990,29991,29991,29992,29993,29996,0]} 1. e4 d6 2. d4 Nf6 3. Nc3 g6 4. Be3 Bg7 5. Qd2 a6 6. Bh6 {B07: Pirc Defence: Miscellaneous Systems} O-O 7. Bxg7 (7. O-O-O b5 8. f3 Nc6 9. Nge2 e5 10. d5 Na5 11. Ng3 b4 12. Nb1 c6 13. Bxg7 Kxg7 14. Qxb4 cxd5 15. exd5 Qc7 16. Qc3 Qb6 17. b3 Bb7 {0-1 (48) Caruana,F (2819)-Nepomniachtchi,I (2775) Paris 2019}) 7... Kxg7 8. f3 {White is slightly better.} c5 9. dxc5 (9. Nge2 {looks sharper.} cxd4 10. Nxd4 e5 11. Nde2 h5 12. h3) 9... dxc5 10. O-O-O $146 ({Predecessor:} 10. Qg5 Qa5 11. O-O-O Nc6 12. e5 Nd7 13. e6 f6 14. Qe3 Nde5 15. f4 Ng4 {0-1 (15) Garcia Medinilla,D-Zuccotti Bozzano,M ICCF email 2007}) 10... Qxd2+ 11. Rxd2 e5 12. g4 Be6 13. g5 Nh5 14. Na4 Nd7 ({Don't blunder} 14... Bxa2 $2 15. Nb6 $18 (15. Nxc5 b5 $14)) 15. Bh3 {Black must now prevent Bxe6.} Rad8 16. Bxe6 fxe6 17. Ne2 $36 {[%mdl 2048] Hoping for Rhd1. White has the initiative.} b5 (17... Kf7 $1 $11) 18. Rhd1 $16 bxa4 19. Rxd7+ Rxd7 20. Rxd7+ {[%mdl 4096] Endgame KRN-KRN} Kg8 21. Nc3 (21. Rd3 $142) 21... a3 22. bxa3 Rxf3 23. Na4 ({White should play} 23. Kb2 $16) 23... Rxa3 $11 24. Nxc5 Rxa2 25. Nxe6 Nf4 26. Rg7+ Kh8 27. Re7 {[%cal Re7e8]} Kg8 28. Kd2 Nxe6 (28... Ra4 $11 {remains equal.}) 29. Rxe6 {KR-KR} Ra5 30. c4 (30. Kd3 $16) 30... Kf7 $1 31. Rb6 Ra2+ 32. Kc3 Ra3+ 33. Kb4 Re3 $1 34. Rxa6 Rxe4 35. Kc5 Rh4 36. h3 Rxh3 37. Kd6 Rd3+ 38. Kxe5 {Threatens to win with Ra7+.} Re3+ $1 39. Kd5 {And now Ra7+ would win.} Rg3 (39... Rd3+ $11 {keeps the balance.} 40. Kc6 Rg3) 40. Ra7+ $16 Kg8 $2 {[%mdl 8192]} (40... Kf8 $16) 41. c5 Rxg5+ 42. Kd6 Rg1 43. c6 Rd1+ 44. Ke7 (44. Ke6 $142 Re1+ 45. Kd5 Rd1+ 46. Ke4 Re1+ 47. Kf3 Rf1+ 48. Kg3 Rc1 49. c7 Rc3+ 50. Kg4 Rc4+ 51. Kg3) 44... Re1+ 45. Kd8 {White mates.} Rc1 46. c7 g5 47. c8=Q Rxc8+ 48. Kxc8 {KR-KPP} g4 49. Kd7 Kf7 50. Kd6+ Kf6 51. Kd5 Kf5 52. Rxh7 {KR-KP} Kf4 {[#]} 53. Kd4 $1 Kf3 54. Kd3 g3 {[#]} 55. Rf7+ $1 Kg2 56. Ke2 Kg1 57. Kf3 g2 {[#]} 58. Rg7 $1 Kh1 59. Ke4 $2 {[%mdl 32768] Accuracy: White = 57%, Black = 55%. . Sensor Board Error (Ke4/e5)?} (59. Kf2 {mates} g1=B+ 60. Rxg1+ Kh2 61. Rg3 Kh1 62. Rh3#) 1-0

[Event "WALTON BAN-chT 2019"]
[Site "Bangladesh"]
[Date "2019.12.15"]
[Round "7.5"]
[White "Kovalev, Vladislav"]
[Black "Kulkarni, Rakesh"]
[Result "1-0"]
[WhiteElo "2662"]
[BlackElo "2334"]
[Annotator "TA"]
[PlyCount "87"]
[EventDate "2019.12.07"]
[EventType "team-tourn"]
[EventCountry "BAN"]
[SourceTitle "playchess.com"]
[Source "ChessBase"]
[SourceQuality "1"]

{[%evp 11,87,32,29,29,21,28,23,22,41,34,28,39,55,53,65,47,41,34,62,59,59,55,57,62,61,58,56,43,49,37,55,44,55,55,55,55,85,89,114,73,122,122,123,0,108,0,120,133,135,91,192,196,206,212,200,138,131,126,152,137,311,307,319,309,647,267,1535,1031,1031,1015,968,897,1497,1131,1734,1713,29988,29989]} 1. e4 c5 2. Nf3 e6 3. d4 cxd4 4. Nxd4 a6 5. c4 Nf6 6. Nc3 Bb4 7. Qd3 {B41: Sicilian: Kan Variation: 5 c4} (7. Bd3 Nc6 8. Nxc6 dxc6 9. O-O e5 10. Qe2 O-O 11. a3 Bc5 12. Be3 Bd4 13. Bxd4 exd4 14. Na4 Re8 15. b4 a5 16. c5 axb4 17. axb4 Bg4 {½-½ (26) Corrales Jimenez,F (2559)-Caruana,F (2828) chess.com INT 2019}) 7... d5 8. exd5 exd5 9. Be2 {White has an edge.} Nc6 10. Nxc6 bxc6 11. O-O Be6 12. cxd5 cxd5 13. Bf3 O-O 14. Bg5 h6 $146 ({Predecessor:} 14... Be7) 15. Bxf6 Qxf6 16. Nxd5 Bxd5 17. Bxd5 Rad8 18. Rad1 a5 19. b3 Rd6 20. Qc4 Qf5 21. Rd3 Kh8 22. Be4 Qe5 23. Rxd6 Bxd6 {[%csl Gd6][%cal Re5h2]} 24. g3 f5 25. Bc2 f4 26. Qd3 $36 {[%csl Gc2][%cal Rd3h7][%mdl 2048] Keeping Black busy.} Kg8 27. Qc4+ Kh8 28. Qd3 {[%csl Gc2][%cal Rd3h7]} Kg8 29. Qh7+ Kf7 30. Be4 fxg3 (30... Bc5 $16) 31. hxg3 $18 Ke7 32. Kg2 Bc5 33. Bf3 Rd8 34. Qc2 Bb4 35. Rc1 Ba3 $2 (35... Bd2 $16) 36. Rh1 Bb4 {Black hopes to continue with ...Rd2.} 37. Rh5 Qd4 $2 (37... Qe6 38. a3 Bd2) 38. Rh4 (38. Qe2+ $142 Kf7 39. Rf5+ Kg8 40. Qe6+ Kh8 41. Rd5) 38... Qc3 $2 (38... Qd3 39. Qc6 Kf8) 39. Qf5 {Intending Re4+ and mate.} Qf6 40. Qe4+ Qe6 {[#]} 41. Qh7 $1 Qg8 42. Qf5 Rd6 43. Qe5+ Kd8 {[#]} 44. Rxb4 $1 {[%mdl 512] Accuracy: White = 62%, Black = 31%.} 1-0